[Event "Muensterland Verbandsklasse 2122"]
[Site "Germany"]
[Date "2021.09.25"]
[Round "1.3"]
[White "Lober, Sascha"]
[Black "Hemmert, Michael"]
[Result "0-1"]
[WhiteElo "1708"]
[BlackElo "1765"]
[PlyCount "152"]
[EventDate "2021.09.25"]
[EventType "team-tourn"]
[EventRounds "2"]
[EventCountry "GER"]
[SourceTitle "EXT 2023"]
[Source "ChessBase"]
[SourceDate "2022.10.05"]
[SourceVersion "1"]
[SourceVersionDate "2022.10.05"]
[SourceQuality "1"]
[WhiteTeam "Duelmen II"]
[BlackTeam "Rheine Klein Berlin II"]
[WhiteTeamCountry "GER"]
[BlackTeamCountry "GER"]

1. Nc3 f5 2. e4 d6 3. Bb5+ c6 4. Ba4 Nf6 5. d3 e5 6. Nf3 Na6 7. exf5 Bxf5 8. Be3 Qc7 9. Qe2 Be7 10. Bb3 0-0-0 11. Ng5 d5 12. Bd2 Rhf8 13. 0-0-0 Nc5 14. h3 Nxb3+ 15. axb3 h6 16. Nf3 Bd6 17. Rhe1 Rde8 18. Qf1 g5 19. Ng1 b5 20. Na2 a5 21. Re2 b4 22. Qe1 Qf7 23. Kb1 Nd7 24. Nc1 c5 25. f3 Nb6 26. Qf2 Qc7 27. h4 Rg8 28. g4 Bh7 29. hxg5 hxg5 30. Nh3 Be7 31. Rde1 Bf6 32. Be3 Nd7 33. Qh2 Re7 34. Qg1 Kb7 35. Rh2 c4 36. dxc4 dxc4 37. Ree2 a4 38. bxc4 b3 39. c5 Qa5 40. Bd2 Bxc2+ 41. Ka1 Qb5 42. c6+ Kxc6 43. Bc3 Bg6 44. Qd1 Ra8 45. Rd2 Qc5 46. Nd3 Qb5 47. Nb4+ Kb7 48. Rd5 Nc5 49. Rd6 a3 50. Qd5+ Kc7 51. Rd2 axb2+ 52. Kxb2 Na4+ 53. Kc1 Qxd5 54. R6xd5 Nxc3 55. Rc5+ Kb7 56. Rxc3 Ra1+ 57. Kb2 e4 58. Kxb3 Rb1+ 59. Rb2 Rxb2+ 60. Kxb2 Bxc3+ 61. Kxc3 exf3 62. Kd2 Re2+ 63. Kd1 Rg2 64. Nd5 Rxg4 65. Ne3 Rg3 66. Nf2 Kc6 67. Ke1 Rg1+ 68. Kd2 Kc5 69. Neg4 Kd4 70. Nh2 Be4 71. Nhg4 Bg6 72. Ne3 Ra1 73. Ned1 Bf5 74. Nh1 g4 75. Ng3 Bg6 76. Ke1 Bc2 0-1

[Event "Muensterland Verbandsklasse 1920"]
[Site "Germany"]
[Date "2020.01.18"]
[Round "5.4"]
[White "Horstmann, Michael"]
[Black "Lober, Sascha"]
[Result "1/2-1/2"]
[WhiteElo "1685"]
[BlackElo "1641"]
[PlyCount "89"]
[EventDate "2019.09.14"]
[EventType "team-tourn"]
[EventRounds "7"]
[EventCountry "GER"]
[SourceTitle "EXT 2023"]
[Source "ChessBase"]
[SourceDate "2022.10.05"]
[SourceVersion "1"]
[SourceVersionDate "2022.10.05"]
[SourceQuality "1"]
[WhiteTeam "Rheine Klein Berlin II"]
[BlackTeam "Duelmen II"]
[WhiteTeamCountry "GER"]
[BlackTeamCountry "GER"]

1. c4 Nf6 2. Nc3 d5 3. cxd5 Nxd5 4. Nf3 e6 5. g3 Be7 6. Bg2 0-0 7. 0-0 Nd7 8. d3 Rb8 9. Bd2 N7f6 10. Rc1 c6 11. Ne5 Nxc3 12. bxc3 Bd6 13. Nc4 Bc7 14. Rb1 Nd5 15. Ne3 Qf6 16. Qc2 Bb6 17. Nd1 e5 18. c4 Ne7 19. Nc3 Bg4 20. Ne4 Qe6 21. Bb4 Rfe8 22. Bd6 f5 23. Bxb8 fxe4 24. c5 exd3 25. exd3 Rxb8 26. cxb6 a6 27. Rbe1 Qd6 28. Qc4+ Be6 29. Qc3 Ng6 30. a3 Rd8 31. Re3 Bf7 32. Rfe1 Re8 33. Be4 Ne7 34. h4 Kf8 35. Rf3 Kg8 36. Rfe3 Kf8 37. Bf3 Nc8 38. Rxe5 Rxe5 39. Rxe5 Nxb6 40. Rf5 Kg8 41. Rg5 g6 42. Rg4 Nd7 43. Rf4 Ne5 44. Be4 h6 45. d4 1/2-1/2

[Event "Muensterland Verbandsklasse 1920"]
[Site "Germany"]
[Date "2019.12.07"]
[Round "4.4"]
[White "Lober, Sascha"]
[Black "Merschkoetter, Peter"]
[Result "1-0"]
[WhiteElo "1641"]
[BlackElo "1643"]
[PlyCount "101"]
[EventDate "2019.09.14"]
[EventType "team-tourn"]
[EventRounds "7"]
[EventCountry "GER"]
[SourceTitle "EXT 2023"]
[Source "ChessBase"]
[SourceDate "2022.10.05"]
[SourceVersion "1"]
[SourceVersionDate "2022.10.05"]
[SourceQuality "1"]
[WhiteTeam "Duelmen II"]
[BlackTeam "Reckenfeld"]
[WhiteTeamCountry "GER"]
[BlackTeamCountry "GER"]

1. Nc3 e5 2. Nf3 Nc6 3. d4 exd4 4. Nxd4 Bb4 5. Qd3 Nge7 6. Bf4 Nd5 7. Bg3 Qf6 8. Ndb5 Bxc3+ 9. bxc3 a6 10. Nxc7+ Nxc7 11. Bxc7 0-0 12. Rd1 Re8 13. e3 d5 14. Be2 Be6 15. 0-0 Rec8 16. Bb6 Ne5 17. Qd4 Nd7 18. Qxf6 Nxf6 19. c4 dxc4 20. Bf3 Bg4 21. Bxb7 Bxd1 22. Rxd1 Kf8 23. Bxa8 Rxa8 24. Rd8+ Rxd8 25. Bxd8 Nd5 26. Ba5 Ke7 27. Kf1 Ke6 28. Ke2 f5 29. f3 Ke5 30. Kd2 g6 31. Bc3+ Ke6 32. e4 fxe4 33. fxe4 Nc7 34. a4 Kd6 35. Ke3 Ne6 36. g4 Kc5 37. h4 Kd6 38. h5 Kc5 39. hxg6 hxg6 40. Ba5 Kd6 41. Bb4+ Ke5 42. Be7 Nc7 43. g5 Ne6 44. c3 a5 45. Kf3 Nf4 46. Bd6+ Kxd6 47. Kxf4 Ke6 48. e5 Kd5 49. e6 Kxe6 50. Ke4 Kd6 51. Kd4 1-0

[Event "Muensterland Verbandsklasse-B 0809"]
[Site "Germany"]
[Date "2008.11.29"]
[Round "4.4"]
[White "Hedwig, Johannes"]
[Black "Lober, Sascha"]
[Result "0-1"]
[WhiteElo "1691"]
[BlackElo "1671"]
[PlyCount "138"]
[EventDate "2008.09.13"]
[EventType "tourn"]
[EventRounds "9"]
[EventCountry "GER"]
[SourceTitle "EXT 2010"]
[Source "ChessBase"]
[SourceDate "2010.11.25"]
[SourceVersion "1"]
[SourceVersionDate "2010.11.25"]
[SourceQuality "1"]
[WhiteTeam "Emsdetten Rochade II"]
[BlackTeam "Buldern"]
[WhiteTeamCountry "GER"]
[BlackTeamCountry "GER"]

1. e4 e5 2. Nf3 Nc6 3. Bc4 Nf6 4. d3 h6 5. 0-0 Bc5 6. c3 d6 7. Bb3 Bg4 8. Nbd2 0-0 9. Re1 Nh7 10. h3 Bh5 11. g4 Bg6 12. Nf1 Kh8 13. Ng3 f6 14. Nh4 Qe8 15. Nxg6+ Qxg6 16. h4 Ne7 17. Qf3 Qe8 18. Be3 Bxe3 19. Qxe3 Ng6 20. Nf5 Nf4 21. Qg3 Qd7 22. Kh1 a5 23. Rab1 a4 24. Bc2 Qe6 25. Ra1 b5 26. b3 Qd7 27. Rad1 Rfe8 28. Ne3 Nf8 29. d4 Qf7 30. d5 Nd7 31. c4 axb3 32. Bxb3 bxc4 33. Nxc4 Nc5 34. Rb1 Reb8 35. Nd2 Rb4 36. Bc4 Rab8 37. Rxb4 Rxb4 38. Bb3 Qg6 39. f3 Qe8 40. Qf2 Nfd3 41. Qf1 Nxe1 42. Qxe1 Nxb3 43. axb3 Qb5 44. g5 hxg5 45. hxg5 fxg5 46. Qg3 Qe8 47. Qxg5 Rb6 48. Kh2 Rb8 49. Kg3 Qf7 50. Kf2 Qf4 51. Qh5+ Qh6 52. Qxh6+ gxh6 53. Kg3 Kg7 54. Kg4 Kg6 55. Kh4 Rb4 56. Kg3 Rd4 57. Nc4 Rd3 58. Na5 Rc3 59. b4 Kg5 60. Nc6 h5 61. Nd8 h4+ 62. Kg2 Kf4 63. Ne6+ Ke3 64. Ng5 Rc2+ 65. Kh3 Rf2 66. Kxh4 Rxf3 67. Nxf3 Kxf3 68. Kg5 Kxe4 69. Kf6 Kxd5 0-1

[Event "Muensterland Verbandsklasse-B 0809"]
[Site "Germany"]
[Date "2008.09.13"]
[Round "1.4"]
[White "Ollech, Dirk"]
[Black "Lober, Sascha"]
[Result "1-0"]
[WhiteElo "1871"]
[BlackElo "1671"]
[PlyCount "83"]
[EventDate "2008.09.13"]
[EventType "tourn"]
[EventRounds "9"]
[EventCountry "GER"]
[SourceTitle "EXT 2010"]
[Source "ChessBase"]
[SourceDate "2010.11.25"]
[SourceVersion "1"]
[SourceVersionDate "2010.11.25"]
[SourceQuality "1"]
[WhiteTeam "Muenster Indische Dame"]
[BlackTeam "Buldern"]
[WhiteTeamCountry "GER"]
[BlackTeamCountry "GER"]

1. e4 e5 2. Nf3 Nc6 3. Bb5 a6 4. Ba4 Nf6 5. 0-0 Be7 6. Re1 b5 7. Bb3 0-0 8. c3 d6 9. h3 Bb7 10. d4 exd4 11. cxd4 Nd7 12. Nbd2 Bf6 13. Nf1 Re8 14. N1h2 Na5 15. Bc2 Be7 16. a4 Nf6 17. axb5 axb5 18. Qd3 Nc4 19. Rxa8 Qxa8 20. e5 dxe5 21. dxe5 Rd8 22. exf6 Rxd3 23. fxe7 Rd8 24. exd8Q+ Qxd8 25. Nd4 Nd6 26. Ng4 c5 27. Nb3 c4 28. Nc5 Kf8 29. Rd1 Qe7 30. Bf4 Ne8 31. Ne5 Bc8 32. Ncd7+ Bxd7 33. Rxd7 Qh4 34. Rxf7+ Kg8 35. Bg3 Qd8 36. Rd7 Qa5 37. Rd1 Qa2 38. Rd8 Kf8 39. Bxh7 Qxb2 40. Bg6 Qc1+ 41. Kh2 Ke7 42. Rxe8+ 1-0

[Event "Muensterland Verbandsklasse-A 0708"]
[Site "Germany"]
[Date "2008.05.17"]
[Round "9.6"]
[White "Lober, Sascha"]
[Black "Hund, Reinhard"]
[Result "0-1"]
[WhiteElo "1703"]
[BlackElo "1692"]
[PlyCount "85"]
[EventDate "2007.09.22"]
[EventType "team-tourn"]
[EventRounds "9"]
[EventCountry "GER"]
[SourceTitle "EXT 2009"]
[Source "ChessBase"]
[SourceDate "2008.11.26"]
[SourceVersion "1"]
[SourceVersionDate "2008.11.26"]
[SourceQuality "1"]
[WhiteTeam "Buldern"]
[BlackTeam "Muenster SK III"]
[WhiteTeamCountry "GER"]
[BlackTeamCountry "GER"]

1. Nc3 d5 2. e4 dxe4 3. Nxe4 Bf5 4. Ng3 Bg6 5. Bc4 e6 6. d4 c6 7. Bf4 Bd6 8. Bxd6 Qxd6 9. c3 Nd7 10. Nf3 h6 11. 0-0 Ngf6 12. Re1 0-0 13. Ne5 Nxe5 14. dxe5 Qxd1 15. Raxd1 Nd5 16. Bxd5 cxd5 17. Rd2 Rfc8 18. Ne2 Rc7 19. Nd4 a6 20. f3 Rac8 21. Kf2 Rc4 22. Ke3 b5 23. Nc2 a5 24. Na3 R4c5 25. Rd4 Rb8 26. Nb1 b4 27. cxb4 axb4 28. Rd2 Rbc8 29. a3 Rc1 30. Rdd1 Rxb1 31. Rxb1 Bxb1 32. Rxb1 bxa3 33. b4 Rb8 34. Kd3 a2 35. Ra1 Rxb4 36. Rxa2 g5 37. Kc3 Rc4+ 38. Kd3 Kg7 39. g3 Rc1 40. f4 g4 41. Kd2 Rc8 42. Ra7 Kg6 43. Kd3 0-1

[Event "Muensterland Verbandsklasse-A 0708"]
[Site "Germany"]
[Date "2008.04.12"]
[Round "8.7"]
[White "Lober, Sascha"]
[Black "Niewerth, Gerd"]
[Result "0-1"]
[WhiteElo "1703"]
[BlackElo "1803"]
[PlyCount "120"]
[EventDate "2007.09.22"]
[EventType "team-tourn"]
[EventRounds "9"]
[EventCountry "GER"]
[SourceTitle "EXT 2009"]
[Source "ChessBase"]
[SourceDate "2008.11.26"]
[SourceVersion "1"]
[SourceVersionDate "2008.11.26"]
[SourceQuality "1"]
[WhiteTeam "Buldern"]
[BlackTeam "Heiden II"]
[WhiteTeamCountry "GER"]
[BlackTeamCountry "GER"]

1. Nc3 d5 2. e4 c6 3. d4 dxe4 4. Nxe4 Bf5 5. Ng3 Bg6 6. Nf3 Nd7 7. Bd3 Bxd3 8. Qxd3 Ngf6 9. 0-0 e6 10. Re1 Be7 11. Bf4 0-0 12. Ng5 h6 13. Nf3 Rc8 14. Ne4 Nxe4 15. Qxe4 Nf6 16. Qe2 Bd6 17. Ne5 c5 18. dxc5 Bxc5 19. c3 Qb6 20. Nd3 Nd5 21. Bg3 Be7 22. Ne5 Nf6 23. Bh4 Rfd8 24. Red1 Rxd1+ 25. Rxd1 Rd8 26. Rxd8+ Qxd8 27. Qd3 Qa5 28. Qe2 Qxa2 29. h3 Qb1+ 30. Kh2 Bd6 31. f4 Qe4 32. Qxe4 Nxe4 33. Be1 Nc5 34. b4 Ne4 35. g3 g5 36. Nd3 gxf4 37. Nxf4 Bxf4 38. gxf4 Nf6 39. Kg2 Kf8 40. Kf3 Nd5 41. Ke4 Ke7 42. c4 Nb6 43. c5 Nd5 44. f5 a6 45. fxe6 Kxe6 46. Bd2 h5 47. Kd4 f6 48. Kc4 Ke5 49. b5 axb5+ 50. Kxb5 Ke4 51. c6 bxc6+ 52. Kxc6 Nf4 53. Bc3 f5 54. h4 Ng2 55. Bf6 f4 56. Kd6 f3 57. Ke6 f2 58. Kf7 f1Q 59. Kg6 Qf5+ 60. Kh6 Qxf6+ 0-1

[Event "Muensterland Verbandsklasse-A 0708"]
[Site "Germany"]
[Date "2008.02.16"]
[Round "6.7"]
[White "Lober, Sascha"]
[Black "Naguschewski, Sebastian"]
[Result "1/2-1/2"]
[WhiteElo "1703"]
[BlackElo "1692"]
[PlyCount "36"]
[EventDate "2007.09.22"]
[EventType "team-tourn"]
[EventRounds "9"]
[EventCountry "GER"]
[SourceTitle "EXT 2009"]
[Source "ChessBase"]
[SourceDate "2008.11.26"]
[SourceVersion "1"]
[SourceVersionDate "2008.11.26"]
[SourceQuality "1"]
[WhiteTeam "Buldern"]
[BlackTeam "Gronau"]
[WhiteTeamCountry "GER"]
[BlackTeamCountry "GER"]

1. Nc3 e5 2. Nf3 d6 3. d4 exd4 4. Nxd4 a6 5. Bf4 d5 6. e3 Bb4 7. Be2 c5 8. Nb3 Nf6 9. Bf3 Nc6 10. 0-0 Bxc3 11. bxc3 0-0 12. Bg5 c4 13. Nd4 Be6 14. Nxc6 bxc6 15. Qd4 Bf5 16. Qd2 Rb8 17. Rfb1 Qe7 18. Qc1 h6 1/2-1/2

[Event "Muensterland Verbandsklasse-A 0708"]
[Site "Germany"]
[Date "2007.12.15"]
[Round "4.6"]
[White "Lober, Sascha"]
[Black "Fasselt, Hendrik"]
[Result "1/2-1/2"]
[WhiteElo "1703"]
[BlackElo "1780"]
[PlyCount "120"]
[EventDate "2007.09.22"]
[EventType "team-tourn"]
[EventRounds "9"]
[EventCountry "GER"]
[SourceTitle "EXT 2009"]
[Source "ChessBase"]
[SourceDate "2008.11.26"]
[SourceVersion "1"]
[SourceVersionDate "2008.11.26"]
[SourceQuality "1"]
[WhiteTeam "Buldern"]
[BlackTeam "Raesfeld Erle"]
[WhiteTeamCountry "GER"]
[BlackTeamCountry "GER"]

1. Nc3 Nf6 2. e4 e5 3. f4 d6 4. Nf3 Bg4 5. h3 Bxf3 6. Qxf3 Nc6 7. Bb5 Qd7 8. d3 a6 9. Ba4 b5 10. Bb3 Be7 11. Be3 0-0 12. a3 exf4 13. Qxf4 Ne5 14. 0-0 Rad8 15. Bd4 Ng6 16. Qh2 c5 17. Be3 a5 18. a4 b4 19. Nd5 Nxd5 20. Bxd5 Bf6 21. Rxf6 gxf6 22. Bh6 Rfe8 23. Rf1 Qe7 24. Rf5 Kh8 25. Qg3 Rg8 26. Qf2 Ne5 27. Rxf6 Rg6 28. Rxg6 fxg6 29. Qf4 Nd7 30. Bg5 Qf8 31. Qxf8+ Rxf8 32. Be7 Re8 33. Bxd6 Kg7 34. Bc7 Nf6 35. Bc4 Rc8 36. Bxa5 Ra8 37. Bc7 Rxa4 38. Bd6 Ra5 39. Kf2 Ne8 40. Be7 Nf6 41. e5 Nd7 42. Bd6 g5 43. e6 Nf6 44. Be5 Kg6 45. g4 Ne8 46. d4 cxd4 47. Bd3+ Kh6 48. Bxd4 Ng7 49. e7 Ne8 50. b3 Rd5 51. Ke3 Ra5 52. Bh8 Ra7 53. Kd4 Rxe7 54. Kc5 Ng7 55. Kxb4 Re8 56. Bxg7+ Kxg7 57. Kc3 Re3 58. Kd2 Rxh3 59. Ke2 Kf6 60. Kf2 Ke5 1/2-1/2